000 00867nam a22002177a 4500
999 _c9361
_d9361
003 AR-CdUCM
008 190327b ||||| |||| 00| 0 spa d
020 _a978-612-321-063-2
040 _aMUNICIPALIDAD PROVINCIAL DEL CUSCO
_cBIBLIOTECA MUNICIPAL DEL CUSCO
082 _aPI / 376.1 /
_bD83 /
100 _aDu Bois, Guiomar
_925502
245 _aNieve, la mascota de Mateo /
260 _aLima :
_bSatillana,
_bLoqueleo,
_c2016.
300 _a38 páginas ;
_bilustraciones a color,
_c23 cm.
500 _aMateo a recibido un lindo regalo; un hermoso perro blanco, pequeño y peludo. Inmediatamente, Mateo le toma mucho cariño al perrito y, como no quiere separarse de él, lo lleva a todos partes.
650 _aCuento infantil peruano
_925503
650 _aSiglo XX
_98
700 _aVenegas, Susana (Ilustradora)
_925504
942 _2ddc
_cLIBROS
945 _araen